Conferência Internacional sobre Economia Portuguesa (Record no. 45306)

MARC details
000 -Etiqueta do registo
Valores 00613c a2200181 04500
100 ## - Dados gerais de processamento
Dados gerais 19771001d1977 m y0pory5003 ba
101 0# - Língua de publicação
Língua por
102 ## - País de publicação
País PT
200 1# - Titulo e menção de responsabilidade
Título próprio Conferência Internacional sobre Economia Portuguesa
Informação de outro título 11 a 13 de Outubro de 1976
Primeira menção de responsabilidade [1.ª] Conferência Internacional sobre Economia Portuguesa
210 #9 - Publicação
Local de publicação Lisboa
Nome do editor Fundacão Calouste Gulbenkian,
Data de publicação 1977
215 ## - Descrição física 
Paginação / Volumes 2 v.
Outras indicações físicas il., diagr., map.
Dimensões 25 cm
675 ## - CDU
Notação 33
Edição med
Língua por
675 ## - CDU
Notação 33(063)
710 12 - Autor entidade principal
Nome da entidade Conferência Internacional sobre Economia Portuguesa,
Local do grupo-eventual Lisboa,
Data do grupo-eventual 1976
801 #0 - Fonte de origem
País PT
Agência BN
Regras de catalogação RPC
990 ## - Elementos KOHA
Tipo de documento Livro
Holdings
Aquisição Empréstimo Código de barras Cota Permissão de empréstimo Tipo de documento Nota relativa ao exemplar
Biblioteca Municipal de Redondo Biblioteca Municipal de Redondo 056046 33(063) CON   Livro 1.º v.
Biblioteca Municipal de Redondo Biblioteca Municipal de Redondo 056047 33(063) CON   Livro 2.º v.

Powered by Koha